|
|
|
|
| LEADER |
01867nas a2200409 a 4500 |
| 001 |
c000183575 |
| 003 |
CARM |
| 005 |
20050606141232.0 |
| 008 |
971212c19959999nyugr p b 1 a0eng d |
| 019 |
1 |
|
|a 13570764
|5 LACONCORD2021
|
| 020 |
|
|
|a 0897918630 (1997)
|
| 020 |
|
|
|a 0897916735 (1995)
|
| 035 |
|
|
|a (OCoLC)222194437
|5 LACONCORD2021
|
| 040 |
|
|
|a VVUT
|b eng
|c VVUT
|
| 050 |
0 |
0 |
|a QA76.9.I58
|b S95
|
| 082 |
0 |
4 |
|a 005.21
|2 21
|
| 082 |
0 |
4 |
|a 005.21
|2 21
|
| 111 |
2 |
|
|a Designing Interactive Systems: Processes, Practices, Methods & Techniques.
|
| 245 |
1 |
0 |
|a DIS ....:
|b conference proceedings : Designing Interactive Systems: processes, practices, methods and techniques.
|
| 246 |
3 |
0 |
|a Conference proceedings
|
| 260 |
|
|
|a New York :
|b Association for Computing Machinery,
|c 1995-.
|
| 300 |
|
|
|a v. :
|b ill. ;
|c 28 cm.
|
| 362 |
0 |
|
|a 1995-
|
| 500 |
|
|
|a "Sponsored by Association for Computing Machinery Special Interest Group in Computer-Human Interaction (ACM SIGCHI) in cooperation with the International Federation for Information Processing (IFIPWG 13.2).
|
| 500 |
|
|
|a "Bi-yearly, bi-continental series of conferences"
|
| 504 |
|
|
|a Includes bibliographical references and indexes.
|
| 530 |
|
|
|a Also available online via the World Wide Web
|
| 650 |
|
0 |
|a Human-computer interaction
|x Congresses.
|
| 650 |
|
0 |
|a Computer software
|x Development
|x Congresses.
|
| 650 |
|
0 |
|a System design
|v Congresses.
|
| 710 |
2 |
|
|a SIGCHI (Group : U.S.)
|
| 710 |
2 |
|
|a International Federation for Information Processing.
|b Working Group 13.2 on Methodology for User Centered System Design.
|
| 852 |
8 |
|
|b CARM
|h A2:AR08C0
|i D07966
|p 0255909
|f SE
|
| 866 |
|
0 |
|a 1997
|
| 866 |
|
0 |
|a 1997
|
| 999 |
f |
f |
|i a48ccf0a-7f55-5b87-855a-d528c1e7be75
|s 5b19e0de-1b81-5919-aca4-7e89f2d5954c
|
| 952 |
f |
f |
|p Can circulate
|a CAVAL
|b CAVAL
|c CAVAL
|d CARM 1 Store
|e D07966
|f A2:AR08C0
|h Other scheme
|i book
|k 1997
|m 0255909
|